00496nam a2200193Ia 4500003000400000005001700004008004100021040001800062041000800080082002100088100001700109245005800126250001200184260003600196300002400232440000900256650001900265650001800284OSt20250201102023.0210716s1980 xx 000 0 und d cAIMIT LIBRARY aeng a813.54 21bJAKJ aJakes, John. aAmericans: bkent family chronicles /cBy John Jakes. a1st ed. aNew York :bJove Books ;c1980. a800p. ;bPBc17 cm. vVIII aAt the red cod aCampaign year